header

The biogeochemistry of the Amazon Basin (Record no. 23164)

MARC details
000 -LEADER
fixed length control field 01319nam a2200337Ia 4500
082 04 - DEWEY DECIMAL CLASSIFICATION NUMBER
Classification number 577/.14/09811
245 04 - TITLE STATEMENT
Title The biogeochemistry of the Amazon Basin
260 ## - PUBLICATION, DISTRIBUTION, ETC. (IMPRINT)
Place of publication New York :
Name of publisher Oxford University Press,
Year of publication 2001.
300 ## - PHYSICAL DESCRIPTION
Number of Pages xi, 365 p. :
Other physical details ill., maps.
650 #0 - SUBJECT ADDED ENTRY--TOPICAL TERM
Topical Term Biogeochemistry
700 1# - ADDED ENTRY--PERSONAL NAME
Personal name McClain, Michael E.
Personal name Richey, Jeffrey Edward,
Personal name Victoria, Reynaldo L.
856 40 - ELECTRONIC LOCATION AND ACCESS
Uniform Resource Identifier http://site.ebrary.com/lib/rucke/Doc?id=10269010

No items available.

© 2026 Rongo University
Contact us: librarian | system librarian | Rongo university